000 00491cam a22001812 4500
001 0000004767
005 20151217155825.0
008 070529s xx 000 0 eng d
040 _aKABU
_cKABU
050 0 _aQL692
_b.A353S54
245 1 0 _aShell guide to East African birds.
260 _aNairobi :
_bShell,
_c[19?]
300 _a[24] p.
650 0 _aBirds
_zAfrica, East.
_@0000155560
908 _a070529
950 _@1
999 _c12922
_d12922